5HLuxD.jpg

KING HENRY VIII SENIOR AND PRIMARY SCHOOL LIBRARY OPAC

I want to be a dentist / (Record no. 1398)

000 -LEADER
fixed length control field 01280cam a22003497i 4500
001 - CONTROL NUMBER
control field 19478466
003 - CONTROL NUMBER IDENTIFIER
control field OSt
005 - DATE AND TIME OF LATEST TRANSACTION
control field 20221229104535.0
008 - FIXED-LENGTH DATA ELEMENTS--GENERAL INFORMATION
fixed length control field 170203r20162016nyua j 000 0 eng
010 ## - LIBRARY OF CONGRESS CONTROL NUMBER
LC control number 2016302700
020 ## - INTERNATIONAL STANDARD BOOK NUMBER
International Standard Book Number 9781770857858
Qualifying information (paperback)
035 ## - SYSTEM CONTROL NUMBER
System control number (OCoLC)ocn940236307
040 ## - CATALOGING SOURCE
Original cataloging agency NLC
Language of cataloging eng
Transcribing agency NLC
Description conventions rda
Modifying agency OCLCO
-- BDX
-- BTCTA
-- YDXCP
-- OCLCF
-- OCLCO
-- OCLCQ
-- UAB
-- SINLB
-- OCLCO
-- VICSF
-- QBX
-- IHX
-- DLC
-- KH8
042 ## - AUTHENTICATION CODE
Authentication code lccopycat
082 04 - DEWEY DECIMAL CLASSIFICATION NUMBER
Classification number 617.6 LIE
Edition number 23
100 1# - MAIN ENTRY--PERSONAL NAME
Personal name Liebman, Daniel,
Relator term author.
245 10 - TITLE STATEMENT
Title I want to be a dentist /
Statement of responsibility, etc. Dan Liebman.
264 #1 - PRODUCTION, PUBLICATION, DISTRIBUTION, MANUFACTURE, AND COPYRIGHT NOTICE
Place of production, publication, distribution, manufacture Buffalo, New York :
Name of producer, publisher, distributor, manufacturer Firefly Books,
Date of production, publication, distribution, manufacture, or copyright notice [2016]
300 ## - PHYSICAL DESCRIPTION
Extent 1 volume (unpaged) :
Other physical details color illustrations ;
Dimensions 21 cm.
336 ## - CONTENT TYPE
Content type term text
Content type code txt
Source rdacontent
336 ## - CONTENT TYPE
Content type term still image
Content type code sti
Source rdacontent
337 ## - MEDIA TYPE
Media type term unmediated
Media type code n
Source rdamedia
338 ## - CARRIER TYPE
Carrier type term volume
Carrier type code nc
Source rdacarrier
490 1# - SERIES STATEMENT
Series statement I want to be
650 #0 - SUBJECT ADDED ENTRY--TOPICAL TERM
Topical term or geographic name entry element Dentistry
Form subdivision Juvenile literature.
650 #7 - SUBJECT ADDED ENTRY--TOPICAL TERM
Topical term or geographic name entry element Dentistry.
Source of heading or term fast
Authority record control number or standard number (OCoLC)fst00890633
655 #7 - INDEX TERM--GENRE/FORM
Genre/form data or focus term Juvenile works.
Source of term fast
Authority record control number or standard number (OCoLC)fst01411637
800 1# - SERIES ADDED ENTRY--PERSONAL NAME
Personal name Liebman, Daniel.
Title of a work I want to be-- (Firefly Books)
906 ## - LOCAL DATA ELEMENT F, LDF (RLIN)
a 7
b cbc
c copycat
d 2
e ncip
f 20
g y-gencatlg
942 ## - ADDED ENTRY ELEMENTS (KOHA)
Source of classification or shelving scheme
Koha item type Books - Non Ficton
Holdings
Withdrawn status Lost status Source of classification or shelving scheme Damaged status Not for loan Collection code Permanent Location Current Location Shelving location Date acquired Total Checkouts Full call number Barcode Date last seen Date last checked out Price effective from Koha item type
          Non-Fiction KH8 Primary School Library KH8 Primary School Library Non Fiction 2022-12-29 8 617.6 LIE KHPL000003175 2025-12-05 2024-03-08 2022-12-29 Books - Non Ficton

Powered By KH8 IT Dept